1226 1095 1837 1526 1874 1084 1206 1338 1472 1060 1577 1127 1962 1907 1356 1723 1351 1590 1315 1433 1169 1196 1452 1536 1034 1228 1309 1334 1812 1227 1793 1750 1767 1332 1456 1271 1282 2000 1003 1660 1132 1649 1244 1713 1224 1223 1889 1161 1314 1739 1258 1395 1479 1275 1931 1520 1823 1505 1151 1123 1157 1393 1320 1703 1047 1403 1452 1847 1193 1413 1057 1187 1102 1948 1911 1630 1417 1114 1577 1371 1259 1931 1573 1642 1901 1890 1989 1838 1769 1346 1856 1748 2000 1010 1680 1201 1155 1649 1910 BCNSPRNW ULIB Ver.6.0+V

เปลี่ยนเป็นภาษาไทย

Change to English
 แสดงรายละเอียดบรรณานุกรม
  กลับหน้าหลัก

Brief Record : Get Marc (ISO 2709) : E-mail record : QR code < ปิดหน้าต่าง
LEADER : 00000nam 2200000uu 4500
001    13399122511
003     ULIB
008    130711s2551||||th 000 0 tha d
020    ^a9744654147(ล.1)
060 04 ^aWY150^bว485น ล.1
100 0  ^aวารุณี มีเจริญ
245 10 ^aแนวทางการวางแผนการพยาบาลผู้ป่วยทางอายุรกรรม^nเล่ม 1 =^bPlanning guides for medical nursing I /^cวารุณี มีเจริญ
246 31 ^aPlanning guides for medical nursing I
250    ^aพิมพ์ครั้งที่ 4
260    ^aสระบุรี :^bโครงการตำราวิทยาลัยพยาบาลบรมราชชนนี สระบุรีสถาบันพระบรมราชชนก สำนักงานปลัดกระทรวง กระทรวงสาธารณสุข,^c2551
300    ^a208 หน้า ;^c27 ซม.
650  7 ^aการพยาบาลอายุรศาสตร์
650  7 ^aผู้ป่วย
650  7 ^aอายุรศาสตร์
710 2  ^aวิทยาลัยพยาบาลบรมราชชนนี สระบุรี
710 2  ^aกระทรวงสาธารณสุข. ^bสำนักงานปลัดกระทรวง.^bสถาบันพระบรมราชชนก
945    ^p210^l0^i15067
945    ^p0^l0^i14220
999    ^aเกษร โพธิ์สุวรรณ
รายการนี้ยังไม่มีแท็ก
คุณยังไม่ได้ล็อกอิน คุณสามารถมีกิจกรรมร่วมกับเว็บไซต์ได้ แต่ต้องล็อกอินก่อน ::
  ล็อกอิน

รายการสื่อสารสนเทศ

ลำดับที่ ประเภท เลขเรียก/บาร์โค้ด สถานที่ สถานะ
1. Book การพยาบาล
Book การพยาบาล
สถานะ=หนังสือเก่า
WY150 ว485น ล.1 ฉ.2 
  Barcode: 14220
ห้องสมุดวิทยาเขตสวรรค์ประชารักษ์
►ส่วนจัดเก็บหนังสือเก่า สปร
บนชั้น
  ขอยืม

รายการใกล้เคียง
    ผู้แต่ง [วารุณี มีเจริญ]

    หัวเรื่อง [การพยาบาลอายุรศาสตร์]
    หัวเรื่อง [ผู้ป่วย]
    หัวเรื่อง [อายุรศาสตร์]

BibComment


ยังไม่เคยถูกคอมเมนท์

คอมเมนท์ทรัพยากรรายการนี้
  คอมเมนท์: แนวทางการวางแผนก..


 Copyright 2026. Bcnsprnw @Library